书目信息 |
| 题名: |
家居装饰设计计算机绘图技巧
|
|
| 作者: | 徐长玉 主编 | |
| 分册: | ||
| 出版信息: | 北京 机械工业出版社 2002.05 |
|
| 页数: | 272页 | |
| 开本: | 26cm | |
| 丛书名: | 现代家居设计与装修系列丛书 | |
| 单 册: | ||
| 中图分类: | TU238 | |
| 科图分类: | ||
| 主题词: | 建筑设计 | |
| 电子资源: | ||
| ISBN: | 7-111-10227-4 | |
| 000 | 00676nam0 2200217 45 | |
| 001 | 0361035768 | |
| 005 | 2003041816571535 | |
| 010 | @a7-111-10227-4@dRMB 27.00 | |
| 100 | @a20030418d2002 km y0chiy0120 ea | |
| 101 | 0 | @achi |
| 102 | @aCN@b110000 | |
| 200 | 1 | @a家居装饰设计计算机绘图技巧@Ajia ju zhuang shi she ji ji suan ji hui tu ji qiao@f徐长玉主编@Fxu chang yu zhu bian |
| 210 | @a北京@c机械工业出版社@d2002.05 | |
| 215 | @a272页@d26cm | |
| 225 | 2 | @a现代家居设计与装修系列丛书 |
| 410 | 0 | @12001 @a现代家居设计与装修系列丛书 |
| 606 | 0 | @a建筑设计 |
| 690 | @aTU238@v4 | |
| 701 | 0 | @a徐长玉@Axu chang yu@4主编 |
| 801 | 0 | @aCN@bPFT@c20030418 |
| 905 | @a10447@dTU238@eX680 | |
| 家居装饰设计计算机绘图技巧/徐长玉主编.-北京:机械工业出版社,2002.05 |
| 272页;26cm.-(现代家居设计与装修系列丛书) |
| ISBN 7-111-10227-4:RMB 27.00 |
| ● |
| 相关链接 |
|
|
|
正题名:家居装饰设计计算机绘图技巧
索取号:TU238/X680
 
预约/预借
| 序号 | 登录号 | 条形码 | 馆藏地/架位号 | 状态 | 备注 |
| 1 | 365697 | 203656971 | 建筑库101/101建筑库 50排6列2层/ [索取号:TU238/X680] | 在馆 | |
| 2 | 365698 | 203656980 | 建筑库101/101建筑库 50排6列2层/ [索取号:TU238/X680] | 在馆 |